000 00737nam a2200217 i 4500
001 150951
003 ES-MaACL
005 20230906203755.0
007 t|
008 071114q18501899fr ||||1| fre d
100 0 _aErckmann-Chatrian.
_947367
245 1 3 _aLa maison forestière
_b: [suivi de Les bohémiens ; Le violon du pendu] /
_cErckmann-Chatrian ; illustrations de Théophile Schuler].
260 _a[Paris? :
_bJ. Hetzel?,
_c18--?]
300 _a72 p. :
_bil. ;
_c28 cm.
500 _aTexto a dos columnas.
500 _aEjemplar sin portada.
700 1 _aSchuler, Théophile.
_9104756
740 4 _aLes bohémiens.
740 3 _aLe violon du pendu.
852 _aES-MaACL
_jC-1918(6)
_q. - Encuadernado con otras obras
999 _c150951
_d150951